[Event "Balears-chT"]
[Site "Mallorca"]
[Date "2022.02.26"]
[Round "6.3"]
[White "Roig Squire, Jason"]
[Black "Masip Tressera, Oriol"]
[Result "0-1"]
[WhiteElo "1990"]
[BlackElo "2150"]
[PlyCount "86"]
[EventDate "2022.01.22"]
[EventType "team-tourn"]
[EventRounds "7"]
[EventCountry "ESP"]
[SourceTitle "EXT 2023"]
[Source "ChessBase"]
[SourceDate "2022.10.05"]
[SourceVersion "1"]
[SourceVersionDate "2022.10.05"]
[SourceQuality "1"]
[WhiteTeam "Puig den Valls"]
[BlackTeam "Cercle Artistic de Ciutadella"]
[WhiteTeamCountry "ESP"]
[BlackTeamCountry "ESP"]

1. e4 c5 2. Nf3 d6 3. Bb5+ Bd7 4. Bxd7+ Qxd7 5. 0-0 Nc6 6. Re1 Nf6 7. c3 e6 8. d3 Be7 9. Bf4 0-0 10. a4 a6 11. Na3 Rab8 12. d4 cxd4 13. cxd4 b5 14. axb5 axb5 15. h3 Rfc8 16. b3 Rb7 17. Nc2 d5 18. e5 Ne4 19. Nh2 Nb4 20. Nxb4 Bxb4 21. Re3 Rbc7 22. Rd3 Rc2 23. Be3 Be7 24. Nf3 Qc7 25. h4 h6 26. Ne1 Rc3 27. Qg4 Kh7 28. g3 Rf8 29. Ng2 b4 30. Nf4 g6 31. Kg2 Rg8 32. Rh1 Rc2 33. Qd1 Ra8 34. Qf3 Kg7 35. Qg4 Raa2 36. Rf1 Qc6 37. Nh3 Qb5 38. Rdd1 Qe2 39. Qf4 g5 40. hxg5 hxg5 41. Qf3 g4 42. Qxe2 gxh3+ 43. Kxh3 Rxe2 0-1